01449nam a2200409 i 450000100060000000300080000600500170001400600190003100700150005000800410006502000180010602000270012403500230015103500240017403500250019803500210022304000310024405000210027508200140029624501440031026400300045430000250048433600310050933700330054033800430057350400400061658801270065665000180078365000190080165000210082065000210084165500270086270000250088970000340091470000290094885600620097746023FlNmELB20241216231740.0m o d | cr cnu||||||||140130s2008 ag ob 001 0 spa d z9789509030558 a9781449294366 (e-book) a(MiAaPQ)EBC3217443 a(Au-PeEL)EBL3217443 a(CaPaEBR)ebr10821008 a(OCoLC)991927220 aFINmELBbspaerdacFINmELB 4aRA651bE641 20060 a614.422300aEpidemiología y salud comunitaria /c[editores], Jorge Daniel Lemus, Valentín Aragües y Oroz, María Carmen Lucioni y colaboradores. 1aRosario :bCorpus,c2008. a1 recurso en línea atextobtxt2rdacontent/spa acomputadorabc2rdamedia/spa arecurso en líneabcr2rdacarrier/spa aContiene bibliografía e índice. aDescripción basada en recurso en línea; Título de la página del título en PDF (e-libro, visto January 30, 2014). 0aEpidemiology. 0aPublic health. 4aEpidemiología. 4aSalud pública. 4aLibros electrónicos.1 aLemus, Jorge Daniel.1 aAragües y Oroz, Valentín.1 aLucioni, María Carmen.40uhttps://elibro.net/ereader/politecnicointernacional/67144